| 000 -LEADER |
| fixed length control field |
01105nam a22002417a 4500 |
| 003 - CONTROL NUMBER IDENTIFIER |
| control field |
OSt |
| 005 - DATE AND TIME OF LATEST TRANSACTION |
| control field |
20241212092240.0 |
| 008 - FIXED-LENGTH DATA ELEMENTS--GENERAL INFORMATION |
| fixed length control field |
230916b ||||| |||| 00| 0 eng d |
| 040 ## - CATALOGING SOURCE |
| Transcribing agency |
SSBUL |
| 082 ## - DEWEY DECIMAL CLASSIFICATION NUMBER |
| Edition number |
23 |
| Classification number |
၂၉၄.၃၀၉၂ |
| Item number |
ဝါ |
| 100 0# - MAIN ENTRY--PERSONAL NAME |
| Personal name |
ဝါယမိန္ဒ၊ အရှင် ၊ |
| Titles and words associated with a name |
မုံရွာမြို့ မိဂဒါဝုန်ဆရာတော်၊ |
| 9 (RLIN) |
30692 |
| 245 10 - TITLE STATEMENT |
| Title |
ဗောဓိတစ်ထောင်ဆရာတော်ဘဒ္ဒန္တ နာရဒ၏ နှစ်၆၀-ဘဝခရီး / |
| Remainder of title |
မိဂဒါဝုန်ဆရာတော် အရှင်ဝါယမိန္ဒ |
| 260 ## - PUBLICATION, DISTRIBUTION, ETC. |
| Place of publication, distribution, etc. |
ရန်ကုန် ၊ |
| Name of publisher, distributor, etc. |
စာပေပေါင်းကူးစာအုပ်တိုက်၊ |
| Date of publication, distribution, etc. |
၁၉၉၂။ |
| 300 ## - PHYSICAL DESCRIPTION |
| Extent |
ဂုဂူ၊၂၈၂ စာမျက်နှာ ၊ |
| Other physical details |
ဓာတ်ပုံ ၊ |
| Dimensions |
၂၂ စင်တီ။ |
| 500 ## - GENERAL NOTE |
| General note |
S-SAT: Prof. Dr. Sai Aung Tun |
| 650 ## - SUBJECT ADDED ENTRY--TOPICAL TERM |
| Topical term or geographic name entry element |
ဗုဒ္ဓဘာသာ |
| 942 ## - ADDED ENTRY ELEMENTS (KOHA) |
| Koha item type |
Books (Long term) |
| Source of classification or shelving scheme |
|
|
| Source of classification or shelving scheme |
|
|
| Source of classification or shelving scheme |
|
|
| Source of classification or shelving scheme |
|
|
| Source of classification or shelving scheme |
|
|
| Source of classification or shelving scheme |
|